On dangerous ground / (Record no. 1365)

MARC details
000 -LEADER
fixed length control field 00583fam a2200193 a 4500
005 - DATE AND TIME OF LATEST TRANSACTION
control field 20260322212057.0
008 - FIXED-LENGTH DATA ELEMENTS--GENERAL INFORMATION
fixed length control field data
010 ## - LIBRARY OF CONGRESS CONTROL NUMBER
LC control number 93047589
020 ## - INTERNATIONAL STANDARD BOOK NUMBER
International Standard Book Number 0399139338 (acidfree paper) :
Terms of availability {dollar}22.95 ({dollar}28.50 Can.)
020 ## - INTERNATIONAL STANDARD BOOK NUMBER
International Standard Book Number 978-0399139338 (acid-free paper) :
Terms of availability {dollar}22.95 ({dollar}28.50 Can.)
040 ## - CATALOGING SOURCE
Original cataloging agency DLC
Transcribing agency DLC
Modifying agency DLC
050 00 - LIBRARY OF CONGRESS CALL NUMBER
Classification number PR6058.I343
Item number O5 1994
099 ## - LOCAL FREE-TEXT CALL NUMBER (OCLC)
Classification number HIGGIJ
001 - CONTROL NUMBER
control field data
100 1# - MAIN ENTRY--PERSONAL NAME
Personal name Higgins, Jack,
Dates associated with a name 1929-
245 10 - TITLE STATEMENT
Title On dangerous ground /
Statement of responsibility, etc. Jack Higgins.
260 ## - PUBLICATION, DISTRIBUTION, ETC.
Place of publication, distribution, etc. New York :
Name of publisher, distributor, etc. G.P. Putnam's Sons,
Date of publication, distribution, etc. c1994.
300 ## - PHYSICAL DESCRIPTION
Extent 304 p. ;
Dimensions 24 cm.
Holdings
Withdrawn status Lost status Damaged status Not for loan Home library Current library Shelving location Date acquired Total checkouts Full call number Barcode Date last seen Price effective from Koha item type
        Franklin Franklin General stacks 22/03/2026   PR6058.I343 O5 1994 BC0011411 22/03/2026 22/03/2026 Books